| 000 | 00524nam a2200169 i 4500 | ||
|---|---|---|---|
| 001 | 149681 | ||
| 003 | ES-MaACL | ||
| 005 | 20230906203215.0 | ||
| 007 | t| | ||
| 008 | 071023s1972 sp ||||1| spa d | ||
| 100 | 1 |
_aVassal, Jean. _9113283 |
|
| 245 | 1 | 0 |
_aEstrategias para la mediana y pequeña empresa / _cJean Vassal ; [traducción: Gabriel Lucena Ocaña]. |
| 260 |
_a[Madrid] : _bGuadiana, _c[1972] |
||
| 300 |
_a141 p. ; _c18 cm. |
||
| 700 | 1 |
_aLucena Ocaña, Gabriel. _974561 |
|
| 852 |
_aES-MaACL _jC-54422 _bR.83818 |
||
| 999 |
_c149681 _d149681 |
||